| 000 | 00867nam a2200205 a 4500 | ||
|---|---|---|---|
| 001 | BRCA_6134 | ||
| 005 | 20190320205338.0 | ||
| 008 | 050711s2011----mx-a######---#000-0#spa-# | ||
| 041 | _aspa | ||
| 044 | _amx | ||
| 050 | 4 |
_aN6498 _b.B5 2011 |
|
| 245 | 1 | 0 |
_aVI [i. e. Sexta] Bienal Internacional de Arte Textil Contemporáneo _bAIRE México 2011. |
| 260 |
_aMéxico _bWorld Textile Art _c2011 |
||
| 300 |
_a147 p. _bil. a color _c22 cm. |
||
| 500 | _aCatálogo de la exposición que tuvo como una de sus sedes el Museo Franz Mayer (Ciudad de México) denominada ´Diálogos mexicanos. Presencias de la tradición en el arte textil contemporáneo´, 25 mayo - 24 julio, 2011 | ||
| 500 | _aSe encuentra en el Área de Investigación | ||
| 546 | _aTexto en : español e inglés | ||
| 650 | 1 | 4 |
_aTrabajo en fibra _vExposiciones _xHistoria _ySiglo XXI _915474 |
| 942 |
_2lcc _cB |
||
| 999 |
_c5821 _d5821 |
||